000 00759nam a22002177a 4500
999 _c4496
_d4496
003 OSt
005 20220323130047.0
008 220323b ||||| |||| 00| 0 eng d
020 _a9781256405856
040 _cALUPE UNIVERSITY
050 _aLB2369
_b.S55 2012
100 _aMarcie Sims;
245 _aThe write stuff:
_bthinking through essays
260 _aUpper Saddle, NJ :
_b Pears on,
_c2012.
300 _axxix, 793 pages :
_b illustrations ;
_g23 cm
504 _aIncludes index.
650 _a English language -- Rhetoric -- Study and teaching (Higher) English language -- Paragraphs -- Study and teaching (Higher) Critical thinking -- Study and teaching (Higher
700 _aWendy Chan;
700 _a Prita Sethuram
942 _2lcc
_cBK
_nMM